Wird geladen...
Short history of socialist economic thought /
| 1. Verfasser: | |
|---|---|
| Format: | Printed Book |
| Veröffentlicht: |
New Delhi :
Arnold-Heinemann publishers,
1978.
|
| LEADER | 00479nam a22001217a 4500 | ||
|---|---|---|---|
| 020 | |a 0713159774 | ||
| 082 | |a 335.409 |b HAR.S | ||
| 100 | |a Hardach, Gerd | ||
| 245 | |a Short history of socialist economic thought / |c by Gerd Hardach and Dieter Karras | ||
| 260 | |a New Delhi : |b Arnold-Heinemann publishers, |c 1978. | ||
| 942 | |c BK | ||
| 999 | |c 308005 |d 308005 | ||
| 952 | |0 0 |1 0 |4 0 |6 335_409000000000000_HAR_S |7 0 |8 NFIC |9 329226 |a POL |b POL |c GEN |d 2020-11-03 |l 0 |o 335.409 HAR.S |p POL13531 |r 2020-11-03 |w 2020-11-03 |y BK | ||